000 00583nam a2200193Ia 4500
001 10707
003 GE_BSU
008 181216s||||||||xx |||||||||||||| ||und||
040 _cGE_BSU
245 _aВопросы психологии. №3 2014. Май-Июнью 2014
245 _bНаучный журнал
245 _cГл.ред.Щедрина Е.В.
260 _aМосква
260 _c2014
300 _a176стр.24см.
653 _aВопросы психологии. №3 2014. Май-Июнью 2014
653 _aპერიოდიკა
942 _cCR
999 _c43958
_d43958